000 00567nam a2200181Ia 4500
008 151202s9999||||xx |||||||||||||| ||und||
082 _bPNVM-28344
100 _aखांबाटे दं.पा.
245 _aनवर्‍याचे संगोपन.
260 _b---
260 _c0
300 _a0
600 _aखांबाटे दं.पा.
630 _aनवर्‍याचे संगोपन.
700 _aखांबाटे दं.पा.
730 _aनवर्‍याचे संगोपन.
942 _cBOOK
999 _c1294312
_d1294309